logo

Bir Sreshtho Munshi Abdur Rouf Library
Jhenaidah Cadet College

Here and away / (Record no. 7707)

MARC details
000 -LEADER
fixed length control field 00603cam a2200229u 4500
001 - CONTROL NUMBER
JCCL Control Number 7707
003 - CONTROL NUMBER IDENTIFIER
JCCL marc code BD-JhCC
005 - DATE AND TIME OF LATEST TRANSACTION
control field 20181006174416.0
008 - FIXED-LENGTH DATA ELEMENTS--GENERAL INFORMATION
fixed length control field 821217s1960 nyua 000 0 eng
035 ## - SYSTEM CONTROL NUMBER
system control number (BD-JhCC)7707
040 ## - CATALOGING SOURCE
Original cataloging agency DLC
Transcribing agency CarP
Modifying agency DLC
-- BD-JhCC
041 ## - LANGUAGE CODE
Language code of Book eng
050 00 - LIBRARY OF CONGRESS CALL NUMBER
Classification number Q161
Item number .B224 1960
082 ## - DEWEY DECIMAL CLASSIFICATION NUMBER
Author mark and Year BAK 1960
Classification number 372.4
100 1# - MAIN ENTRY--PERSONAL NAME
Personal name Baker, Arthur O.
245 10 - TITLE STATEMENT
Title Here and away /
Statement of responsibility, etc Arthur O. Baker,
260 ## - PUBLICATION, DISTRIBUTION, ETC. (IMPRINT)
Place of publication, distribution, etc New York,
Name of publisher, distributor, etc Rand McNally
Date of publication, distribution, etc [1960]
300 ## - PHYSICAL DESCRIPTION
Pagination 206 p.
Other physical details illus. (part col.)
Dimensions 23 cm.
650 #0 - SUBJECT ADDED ENTRY--TOPICAL TERM
Topical term or geographic name as entry element Literature--Study and teaching
942 ## - ADDED ENTRY ELEMENTS (KOHA)
Source of classification or shelving scheme Dewey Decimal Classification
Koha item type Books
Holdings
Source of classification or shelving scheme Damaged status Not for loan Home library Current library Shelving location Total Checkouts Full call number Barcode Date last seen Copy number Koha item type
Dewey Decimal Classification     JCC Rouf Library JCC Rouf Library General Stacks   372.4 BAK 1960 821 02/13/2018 C -1 Books

JCC Library | Contacts | JCC Home

Last Update on 23 September 2017
Copyright @ 2017-2020 JCC Rouf Library
Rouf Library, Jhenidah Cadet College (JCC), Bangladesh